[Event "Titled Tuesday intern op 10th Sep Early"]
[Site "Chess,com INT"]
[Date "2024.09.10"]
[Round "2"]
[White "Fabris, Alberto"]
[Black "Lai, Hong Jun"]
[Result "1-0"]
[WhiteElo "2230"]
[BlackElo "2036"]
[PlyCount "71"]
[EventDate "2024.09.10"]
[EventType "swiss (blitz)"]
[EventRounds "11"]
[EventCountry "USA"]
[SourceTitle "EXT 2025"]
[Source "ChessBase"]
[SourceDate "2024.10.14"]
[SourceVersion "1"]
[SourceVersionDate "2024.10.14"]
[SourceQuality "1"]

1. e4 c6 2. d4 d5 3. e5 e6 4. Nf3 c5 5. c3 Nc6 6. a3 cxd4 7. cxd4 Nge7 8. Bd3 h6 9. Nc3 a6 10. 0-0 Bd7 11. b4 b5 12. Be3 g5 13. Nd2 Bg7 14. Nb3 Nf5 15. Ne2 Nce7 16. Nc5 h5 17. a4 Nxe3 18. fxe3 Bc6 19. Nc3 bxa4 20. N3xa4 a5 21. b5 Bd7 22. Nb7 Qc7 23. Nd6+ Kd8 24. b6 Qb8 25. Nxf7+ Kc8 26. Nxh8 Bxh8 27. Qxh5 Kb7 28. Qf7 Qe8 29. Nc5+ Kc6 30. b7 Rb8 31. Rxa5 Kb6 32. Ra6+ Kc7 33. Nxe6+ Bxe6 34. Qxe6 Nc6 35. Rf7+ Kd8 36. Qd6+ 1-0

[Event "Titled Tuesday intern op 27th Aug Early"]
[Site "Chess.com INT"]
[Date "2024.08.27"]
[Round "1"]
[White "Lai, Hong Jun"]
[Black "Kowalczyk, Pawel"]
[Result "0-1"]
[WhiteElo "2036"]
[BlackElo "2283"]
[PlyCount "142"]
[EventDate "2024.08.27"]
[EventType "swiss (blitz)"]
[EventRounds "11"]
[EventCountry "USA"]
[SourceTitle "EXT 2025"]
[Source "ChessBase"]
[SourceDate "2024.10.14"]
[SourceVersion "1"]
[SourceVersionDate "2024.10.14"]
[SourceQuality "1"]

1. Nf3 g6 2. d4 Bg7 3. c4 Nf6 4. Nc3 0-0 5. e4 d6 6. Bd3 e5 7. d5 a5 8. a3 Na6 9. Rb1 Nc5 10. Bc2 Nh5 11. b4 axb4 12. axb4 Nd7 13. Ne2 f5 14. Ng3 Nf4 15. 0-0 Nb6 16. c5 Nc4 17. Bb3 b5 18. Bxc4 bxc4 19. Qc2 fxe4 20. Qxe4 dxc5 21. Qxc4 Qxd5 22. Qxc5 Bb7 23. Bxf4 Rxf4 24. Qxd5+ Bxd5 25. Nd2 Ra2 26. Nb3 Bf8 27. Nc5 c6 28. Nd3 Rd4 29. Nxe5 Rxb4 30. Rbc1 Rb6 31. Nd7 Rbb2 32. Nf6+ Kg7 33. Nxd5 cxd5 34. Rcd1 Rd2 35. Rc1 Bd6 36. Rc6 Be5 37. Re1 Bd4 38. Rc7+ Kf6 39. Rc6+ Kg5 40. Rf1 Rxf2 41. Rxf2 Rxf2 42. Kh1 Rd2 43. Rc1 h5 44. Nf1 Rd3 45. g3 Kf5 46. Kg2 Be5 47. h3 d4 48. Kf2 Ra3 49. Rc2 d3 50. Rd2 Ke4 51. Rd1 Ra2+ 52. Nd2+ Kd4 53. Kf3 Rb2 54. Ne4 Bc7 55. Nf2 d2 56. Ne4 Kd3 57. Nf2+ Kc2 58. Ke2 Ba5 59. Ne4 Rb5 60. Rh1 Re5 61. Kf3 d1Q+ 62. Rxd1 Kxd1 63. Kf4 Bc7 64. g4 hxg4 65. hxg4 Ra5+ 66. Kf3 Ra3+ 67. Kf2 Kc2 68. Nf6 Kd3 69. Nd5 Bd6 70. Kg2 Ke4 71. Nf6+ Kf4 0-1

[Event "Titled Tuesday intern op 30th Jul Early"]
[Site "Chess.com INT"]
[Date "2024.07.30"]
[Round "7"]
[White "Ganzhurov, Roman"]
[Black "Lai, Hong Jun"]
[Result "0-1"]
[WhiteElo "2065"]
[BlackElo "1950"]
[PlyCount "136"]
[EventDate "2024.07.30"]
[EventType "swiss (blitz)"]
[EventRounds "11"]
[EventCountry "USA"]
[SourceTitle "EXT 2025"]
[Source "ChessBase"]
[SourceDate "2024.10.14"]
[SourceVersion "1"]
[SourceVersionDate "2024.10.14"]
[SourceQuality "1"]

1. d4 d5 2. c4 c6 3. Nc3 Nf6 4. Nf3 dxc4 5. a4 Bf5 6. Ne5 e6 7. Nxc4 Bb4 8. f3 c5 9. dxc5 Qxd1+ 10. Kxd1 Bxc5 11. e4 Bg6 12. Bf4 0-0 13. Nb5 Na6 14. Na5 Rfd8+ 15. Ke1 Bb4+ 16. Kf2 Bxa5 17. Be2 Bb6+ 18. Be3 Bxe3+ 19. Kxe3 Rd7 20. Rhd1 Kf8 21. Rac1 Rxd1 22. Bxd1 Ne8 23. f4 Ke7 24. Bf3 Nb4 25. Rc3 Nc6 26. e5 a6 27. Bxc6 bxc6 28. Nd4 Nc7 29. Rxc6 Nd5+ 30. Kf3 Bd3 31. Nb3 Rb8 32. Nc5 Bc4 33. b3 Bxb3 34. Rxa6 Bd1+ 35. Ke4 Rc8 36. Kd4 Rc7 37. a5 Nb4 38. Rb6 Nc6+ 39. Kd3 Nxa5 40. Rb5 Nc6 41. Ke3 Be2 42. Rb2 Bc4 43. Ne4 Bd5 44. Nc3 Na5 45. Nxd5+ exd5 46. Rb5 Nc4+ 47. Kd4 Rd7 48. h3 g6 49. g4 Nd2 50. Ke3 Nc4+ 51. Kd4 Nd2 52. Ke3 Ne4 53. Kd4 Ng3 54. Rb3 Ne4 55. Rb5 h5 56. Ra5 hxg4 57. hxg4 Nf2 58. f5 Nxg4 59. f6+ Ke6 60. Ra6+ Kf5 61. Ra1 Nxe5 62. Rf1+ Ke6 63. Re1 Kxf6 64. Rxe5 g5 65. Re8 Kf5 66. Rg8 Kf4 67. Rh8 f5 68. Rg8 g4 0-1

[Event "Titled Tuesday intern op 30th Jul Early"]
[Site "Chess.com INT"]
[Date "2024.07.30"]
[Round "8"]
[White "Garcia Molina, Jose"]
[Black "Lai, Hong Jun"]
[Result "0-1"]
[WhiteElo "2229"]
[BlackElo "1950"]
[PlyCount "78"]
[EventDate "2024.07.30"]
[EventType "swiss (blitz)"]
[EventRounds "11"]
[EventCountry "USA"]
[SourceTitle "EXT 2025"]
[Source "ChessBase"]
[SourceDate "2024.10.14"]
[SourceVersion "1"]
[SourceVersionDate "2024.10.14"]
[SourceQuality "1"]

1. Nf3 d5 2. b3 Nf6 3. Bb2 c5 4. g3 Nc6 5. Bg2 Qc7 6. 0-0 e5 7. d3 Be7 8. Nbd2 0-0 9. c4 d4 10. a3 Be6 11. Ne1 Nd7 12. Nc2 f5 13. Rb1 Nf6 14. b4 cxb4 15. axb4 Nxb4 16. Nxb4 Bxb4 17. Nb3 Be7 18. f4 Ng4 19. Bc1 Ne3 20. Bxe3 dxe3 21. fxe5 Qxe5 22. d4 Qc7 23. d5 Bd7 24. Rc1 f4 25. c5 Qe5 26. gxf4 Rxf4 27. Rxf4 Qxf4 28. Qf1 Qh4 29. Nd4 Qxd4 30. d6 Bh4 31. Rd1 Qxc5 32. Bxb7 Bf2+ 33. Kh1 Rf8 34. Qg2 Qc2 35. Qd5+ Kh8 36. Ba8 Qxe2 37. Rb1 Be1 38. Qg2 Rf1+ 39. Qxf1 Qxf1# 0-1

[Event "Titled Tuesday intern op 30th Jul Early"]
[Site "Chess.com INT"]
[Date "2024.07.30"]
[Round "10"]
[White "Lai, Hong Jun"]
[Black "Arvind, C Jayaraman"]
[Result "0-1"]
[WhiteElo "1950"]
[BlackElo "2074"]
[PlyCount "81"]
[EventDate "2024.07.30"]
[EventType "swiss (blitz)"]
[EventRounds "11"]
[EventCountry "USA"]
[SourceTitle "EXT 2025"]
[Source "ChessBase"]
[SourceDate "2024.10.14"]
[SourceVersion "1"]
[SourceVersionDate "2024.10.14"]
[SourceQuality "1"]

1. d4 d5 2. c4 c6 3. Nf3 Nf6 4. e3 Bf5 5. Be2 e6 6. Qb3 Qb6 7. c5 Qxb3 8. axb3 Nbd7 9. b4 a6 10. Nc3 Rc8 11. 0-0 h6 12. Rd1 Be7 13. Bd3 Bxd3 14. Rxd3 Bd8 15. Ne5 Nxe5 16. dxe5 Nd7 17. f4 f6 18. exf6 Bxf6 19. Ne2 e5 20. fxe5 Nxe5 21. Rd1 0-0 22. Nd4 Rce8 23. h3 Nc4 24. Nc2 Nxb2 25. Bxb2 Bxb2 26. Rab1 Bf6 27. Rb3 Re4 28. Rf1 Rfe8 29. Rf3 Rc4 30. Ne1 Ree4 31. Nd3 Bg5 32. Nf2 Rxb4 33. Rd3 Rec4 34. Rf5 Rxc5 35. g3 Rb2 36. h4 Bf6 37. e4 dxe4 38. Rxc5 exd3 39. Nxd3 Bd4+ 40. Kf1 Bxc5 41. Nxb2 0-1

[Event "Titled Tuesday intern op 30th Jul Early"]
[Site "Chess.com INT"]
[Date "2024.07.30"]
[Round "6"]
[White "Lai, Hong Jun"]
[Black "Haitin, Ilja"]
[Result "0-1"]
[WhiteElo "1950"]
[BlackElo "2265"]
[PlyCount "154"]
[EventDate "2024.07.30"]
[EventType "swiss (blitz)"]
[EventRounds "11"]
[EventCountry "USA"]
[SourceTitle "EXT 2025"]
[Source "ChessBase"]
[SourceDate "2024.10.14"]
[SourceVersion "1"]
[SourceVersionDate "2024.10.14"]
[SourceQuality "1"]

1. Nf3 d6 2. d4 g6 3. c4 Bg7 4. Nc3 e5 5. dxe5 dxe5 6. Qxd8+ Kxd8 7. Bg5+ f6 8. 0-0-0+ Nd7 9. Bd2 c6 10. e4 Kc7 11. Bd3 Nc5 12. Bc2 a5 13. Be3 Bh6 14. Bxh6 Nxh6 15. h3 a4 16. Rd2 Be6 17. b3 axb3 18. axb3 Ra1+ 19. Nb1 Rha8 20. Re2 R8a2 21. Nfd2 Na6 22. Nf3 Nb4 23. Ne1 Nf7 24. Nd3 Rxc2+ 25. Rxc2 Nxd3+ 26. Kd2 Nc5 27. Kc3 Nxe4+ 28. Kb2 Ra8 29. Re1 Nc5 30. Rd2 Bf5 31. Re3 Nd6 32. f3 Bxb1 33. Kxb1 b5 34. cxb5 Nxb5 35. Kb2 Kb6 36. g4 g5 37. h4 h6 38. hxg5 hxg5 39. Rh2 Rd8 40. b4 Nd3+ 41. Kb3 Rd4 42. Rh6 Nxb4 43. Rxf6 Nd5 44. Rxc6+ Kxc6 45. Rxe5 Rd3+ 46. Kc2 Rxf3 47. Rxg5 Kc5 48. Kd2 Kd4 49. Rg8 Nbc3 50. g5 Ne4+ 51. Kc2 Rg3 52. g6 Nef6 53. Ra8 Rxg6 54. Ra4+ Ke5 55. Kd3 Rg3+ 56. Ke2 Ne4 57. Ra8 Rg2+ 58. Kd1 Rh2 59. Ke1 Kd4 60. Ra4+ Ke3 61. Ra3+ Ndc3 62. Kf1 Rh1+ 63. Kg2 Rd1 64. Kh3 Rg1 65. Kh4 Kf4 66. Kh5 Nb5 67. Ra5 Nd4 68. Kh6 Nf5+ 69. Kh7 Rg7+ 70. Kh8 Rg1 71. Rb5 Rg2 72. Rb4 Rh2+ 73. Kg8 Ke5 74. Kf8 Ke6 75. Rxe4+ Kf6 76. Ke8 Nd6+ 77. Kd7 Nxe4 0-1

[Event "Phuket Blue Chevaliers op 3rd"]
[Site "Phuket"]
[Date "2024.07.27"]
[Round "9"]
[White "Chernyavsky, Alexander"]
[Black "Lai, Hong Jun"]
[Result "1-0"]
[WhiteElo "2370"]
[BlackElo "1950"]
[PlyCount "119"]
[EventDate "2024.07.21"]
[EventType "swiss"]
[EventRounds "9"]
[EventCountry "THA"]
[SourceTitle "EXT 2025"]
[Source "ChessBase"]
[SourceDate "2024.10.14"]
[SourceVersion "1"]
[SourceVersionDate "2024.10.14"]
[SourceQuality "1"]

1. d4 d5 2. c4 e6 3. Nc3 a6 4. g3 dxc4 5. Bg2 Nf6 6. Qa4+ Bd7 7. Qxc4 Bc6 8. Nf3 b5 9. Qd3 b4 10. Nb1 Be4 11. Qc4 Bd5 12. Qc2 Be4 13. Qa4+ Bc6 14. Qd1 Nbd7 15. Nbd2 Qc8 16. Qc2 Qb7 17. e4 Nxe4 18. Ne5 Nxe5 19. Nxe4 f5 20. dxe5 Bxe4 21. Bxe4 Qxe4+ 22. Qxe4 fxe4 23. Be3 Rd8 24. Rc1 c5 25. Rc4 Rd5 26. Rxe4 Be7 27. Ke2 0-0 28. f4 a5 29. Rc1 Rb8 30. Rec4 Rb5 31. Kf3 h5 32. h3 g6 33. Ke4 Kf7 34. g4 hxg4 35. hxg4 Rb8 36. Bxc5 Rd2 37. Bxe7 Kxe7 38. Rc7+ Rd7 39. Rxd7+ Kxd7 40. Rh1 Rc8 41. Rh7+ Kc6 42. Re7 Kb5 43. Rxe6 Rc2 44. b3 Rxa2 45. Rd6 Re2+ 46. Kf3 Rc2 47. e6 Rc3+ 48. Ke4 Rc1 49. f5 Re1+ 50. Kf4 gxf5 51. gxf5 Kc5 52. Rd3 Kc6 53. Kg5 Kc5 54. Kf6 a4 55. bxa4 Kc4 56. Rd8 b3 57. e7 b2 58. Rb8 Kc3 59. Kf7 Re5 60. e8Q 1-0

[Event "Titled Tuesday intern op 09th Apr Early"]
[Site "Chess.com INT"]
[Date "2024.04.09"]
[Round "4"]
[White "Lai, Hong Jun"]
[Black "Mena, Martin"]
[Result "1-0"]
[WhiteElo "1950"]
[BlackElo "1971"]
[PlyCount "101"]
[EventDate "2024.04.09"]
[EventType "swiss (blitz)"]
[EventRounds "11"]
[EventCountry "USA"]
[SourceTitle "EXT 2025"]
[Source "ChessBase"]
[SourceDate "2024.10.14"]
[SourceVersion "1"]
[SourceVersionDate "2024.10.14"]
[SourceQuality "1"]

1. Nf3 d5 2. c4 e6 3. b3 Nf6 4. Bb2 Be7 5. e3 0-0 6. d4 c5 7. Nbd2 cxd4 8. exd4 Nc6 9. Be2 Ne4 10. 0-0 Bf6 11. Nxe4 dxe4 12. Ne5 Bxe5 13. dxe5 Qg5 14. Qc2 Nxe5 15. Qxe4 Nc6 16. Rad1 e5 17. f4 exf4 18. Qxf4 Qxf4 19. Rxf4 Be6 20. Bf3 Rfd8 21. Rxd8+ Rxd8 22. Bxc6 bxc6 23. Rd4 Rxd4 24. Bxd4 a5 25. c5 Kf8 26. Bc3 a4 27. bxa4 Bxa2 28. Kf2 Ke7 29. Bxg7 f6 30. Bh6 Ke6 31. Ke3 Kd5 32. Bf8 Kc4 33. Kf4 Bb1 34. Be7 Bc2 35. a5 Kb5 36. a6 Kxa6 37. Bxf6 Kb5 38. Be7 Kc4 39. Ke5 Kb5 40. g4 Kc4 41. h4 Bb1 42. g5 Bg6 43. Kf6 Kd5 44. Kg7 Ke6 45. Bd8 Kf5 46. h5 Bxh5 47. Kxh7 Bf3 48. g6 Ke6 49. g7 Be4+ 50. Kh8 Kf7 51. g8Q# 1-0

[Event "Titled Tuesday intern op 09th Apr Early"]
[Site "Chess.com INT"]
[Date "2024.04.09"]
[Round "5"]
[White "Lai, Hong Jun"]
[Black "Uber Gracia, Hugo"]
[Result "1-0"]
[WhiteElo "1950"]
[BlackElo "2247"]
[PlyCount "97"]
[EventDate "2024.04.09"]
[EventType "swiss (blitz)"]
[EventRounds "11"]
[EventCountry "USA"]
[SourceTitle "EXT 2025"]
[Source "ChessBase"]
[SourceDate "2024.10.14"]
[SourceVersion "1"]
[SourceVersionDate "2024.10.14"]
[SourceQuality "1"]

1. Nf3 d5 2. d4 Nf6 3. c4 dxc4 4. e3 Bf5 5. Bxc4 e6 6. Nc3 c6 7. a4 a5 8. Qe2 Be7 9. e4 Bg6 10. 0-0 h6 11. Rd1 0-0 12. Bf4 Na6 13. h3 Nb4 14. Ne5 Bh7 15. f3 Nd7 16. Ng4 Qb6 17. Be3 Qc7 18. Qd2 Rad8 19. Bf4 Bd6 20. e5 Be7 21. Bxh6 gxh6 22. Qxh6 Kh8 23. Ne4 Rg8 24. Nef6 Nxf6 25. Nxf6 Bxf6 26. Qxf6+ Rg7 27. h4 Rdg8 28. h5 Qd8 29. g4 Qxf6 30. exf6 Rg5 31. Kf2 Nd5 32. Kg3 Ne3 33. Rdc1 Nc2 34. Ra2 Nxd4 35. Rd1 c5 36. b3 Nc6 37. Rd7 Nb4 38. Rad2 Nd5 39. Rxf7 Nc3 40. Bxe6 Rd8 41. Rxd8+ Bg8 42. Rg7 Rxg7 43. fxg7+ Kh7 44. Rxg8 Ne2+ 45. Kh2 Nd4 46. Bd5 b5 47. h6 bxa4 48. Rh8+ Kg6 49. g8Q+ 1-0

[Event "Titled Tuesday intern op 30th Jan Early"]
[Site "Chess.com INT"]
[Date "2024.01.30"]
[Round "8"]
[White "Lai, Hong Jun"]
[Black "Pesotskiy, Mikhail"]
[Result "0-1"]
[WhiteElo "2004"]
[BlackElo "2143"]
[PlyCount "98"]
[EventDate "2024.01.30"]
[EventType "swiss (blitz)"]
[EventRounds "11"]
[EventCountry "USA"]
[SourceTitle "EXT 2025"]
[Source "ChessBase"]
[SourceDate "2024.10.14"]
[SourceVersion "1"]
[SourceVersionDate "2024.10.14"]
[SourceQuality "1"]

1. d4 Nf6 2. c4 e6 3. Nc3 Bb4 4. Qc2 Nc6 5. Nf3 d6 6. Bg5 h6 7. Bh4 g5 8. Bg3 g4 9. Nd2 Nxd4 10. Qa4+ Bd7 11. Qd1 e5 12. e3 Nf5 13. Be2 h5 14. h3 Nxg3 15. fxg3 Rg8 16. h4 Bc6 17. 0-0 Nd7 18. Qc2 Qe7 19. Qh7 Rf8 20. Qxh5 Bc5 21. Nd1 0-0-0 22. a3 Bb6 23. b4 Ba4 24. c5 dxc5 25. Nc4 cxb4 26. axb4 Qxb4 27. Qxg4 Kb8 28. Nxe5 Qxg4 29. Nxg4 Bxd1 30. Raxd1 f5 31. Nh6 Bxe3+ 32. Kh2 Bxh6 33. Bd3 f4 34. g4 Ne5 35. Bf5 Rxd1 36. Rxd1 f3 37. gxf3 Nxf3+ 38. Kg3 Ne5 39. g5 Bg7 40. Be4 Nf7 41. Rf1 Nd6 42. Rxf8+ Bxf8 43. Bd3 Kc8 44. h5 Kd7 45. Kg4 Ke7 46. h6 Nf7 47. Kh5 Ne5 48. Be4 b5 49. g6 Nxg6 0-1

[Event "World Cup U12 Prel"]
[Site "Tornelo INT"]
[Date "2021.08.06"]
[Round "5"]
[White "Harvey, Corbin"]
[Black "Lai, Hong Jun"]
[Result "0-1"]
[WhiteElo "1255"]
[BlackElo "1595"]
[PlyCount "136"]
[EventDate "2021.08.06"]
[EventType "swiss (rapid)"]
[EventRounds "10"]
[EventCountry "NET"]
[SourceTitle "EXT 2025"]
[Source "ChessBase"]
[SourceDate "2024.10.14"]
[SourceVersion "1"]
[SourceVersionDate "2024.10.14"]
[SourceQuality "1"]

1. d4 d5 2. c4 c6 3. Nf3 Nf6 4. e3 e6 5. a3 Nbd7 6. Nc3 Bd6 7. Bd3 dxc4 8. Bxc4 b5 9. Bd3 0-0 10. 0-0 Bb7 11. e4 Bc7 12. Bg5 h6 13. Be3 Qb8 14. e5 Nd5 15. Nxd5 exd5 16. Qd2 Qe8 17. Nh4 Qe6 18. g3 f5 19. f4 Bd8 20. Nf3 a5 21. Kh1 h5 22. Rf2 Ra7 23. Rg2 Bc8 24. Rc1 Nb8 25. Nh4 g6 26. Qc2 Rg7 27. Nf3 Rb7 28. h3 Kh8 29. Kg1 Kg8 30. Kf2 Rbf7 31. Bxb5 Bd7 32. Bd3 Rg7 33. Rh1 Kf7 34. Bd2 Ke8 35. Qc5 a4 36. Bb4 Rfg8 37. Qa7 g5 38. Qxb8 gxf4 39. Rhg1 fxg3+ 40. Rxg3 Rxg3 41. Rxg3 Rxg3 42. Kxg3 f4+ 43. Kf2 Qxh3 44. Qd6 Qg3+ 45. Ke2 Qg2+ 46. Ke1 Bh4+ 47. Kd1 Qxf3+ 48. Be2 Qb3+ 49. Kd2 Qe3+ 50. Kc2 Qxe2+ 51. Bd2 Qe4+ 52. Kc1 Be7 53. Qh6 Bf5 54. Qh8+ Kd7 55. Kd1 Qb1+ 56. Ke2 Bg4+ 57. Kf2 Qe4 58. Qh6 Qe2+ 59. Kg1 Qxd2 60. e6+ Bxe6 61. Qxh5 Qxd4+ 62. Kg2 f3+ 63. Qxf3 Qe4 64. Qxe4 dxe4 65. Kf2 Bc5+ 66. Kg3 e3 67. Kf3 Bg4+ 68. Kg2 e2 0-1

[Event "World Cup U12 Prel"]
[Site "Tornelo INT"]
[Date "2021.08.06"]
[Round "8"]
[White "Lai, Hong Jun"]
[Black "Claure Verastegui, Rene David"]
[Result "1-0"]
[WhiteElo "1595"]
[BlackElo "1402"]
[PlyCount "75"]
[EventDate "2021.08.06"]
[EventType "swiss (rapid)"]
[EventRounds "10"]
[EventCountry "NET"]
[SourceTitle "EXT 2025"]
[Source "ChessBase"]
[SourceDate "2024.10.14"]
[SourceVersion "1"]
[SourceVersionDate "2024.10.14"]
[SourceQuality "1"]

1. d4 d5 2. c4 c6 3. Nf3 Nf6 4. e3 e6 5. b3 Nbd7 6. Bb2 Bb4+ 7. Nbd2 0-0 8. a3 Bd6 9. Bd3 Re8 10. 0-0 e5 11. dxe5 Nxe5 12. Nxe5 Bxe5 13. Bxe5 Rxe5 14. Nf3 Re8 15. Qc2 Bg4 16. Nd4 Rc8 17. h3 Bh5 18. Nf5 Ne4 19. Bxe4 Rxe4 20. Ng3 Bg6 21. Nxe4 Bxe4 22. Qd2 Qf6 23. f3 Bg6 24. cxd5 cxd5 25. Qxd5 Qb6 26. Qd4 Qxb3 27. Rac1 Re8 28. Qxa7 b6 29. Qe7 f6 30. Qb4 Qxe3+ 31. Kh1 Ra8 32. Rfe1 Qh6 33. Qxb6 Bf5 34. Qe3 Qh5 35. Kh2 Qh4 36. Rc5 Bg6 37. Qe6+ Bf7 38. Rc8+ 1-0

[Event "World Cup U12 Prel"]
[Site "Tornelo INT"]
[Date "2021.08.06"]
[Round "3"]
[White "Liew, Tze Hsien"]
[Black "Lai, Hong Jun"]
[Result "0-1"]
[WhiteElo "1294"]
[BlackElo "1595"]
[PlyCount "108"]
[EventDate "2021.08.06"]
[EventType "swiss (rapid)"]
[EventRounds "10"]
[EventCountry "NET"]
[SourceTitle "EXT 2025"]
[Source "ChessBase"]
[SourceDate "2024.10.14"]
[SourceVersion "1"]
[SourceVersionDate "2024.10.14"]
[SourceQuality "1"]

1. e4 c6 2. d4 d5 3. e5 c5 4. c3 Nc6 5. Nf3 cxd4 6. cxd4 Bg4 7. Be2 e6 8. Nc3 Bb4 9. Be3 Qa5 10. Qb3 Nge7 11. 0-0 Nf5 12. a3 Bxc3 13. bxc3 Qc7 14. Bd2 0-0 15. Rab1 Rab8 16. h3 Bxf3 17. Bxf3 Na5 18. Qc2 Nc4 19. Rb3 Na5 20. Rb4 Rfc8 21. Rfb1 Nc6 22. R4b2 Ncxd4 23. Qd3 Nxf3+ 24. Qxf3 b6 25. Rc1 Ne7 26. Rbc2 Nc6 27. Qg3 Na5 28. Bh6 g6 29. Qf4 Qe7 30. Bg5 Qxa3 31. Qf6 Qf8 32. Rd2 Nb3 33. Rd4 Nxd4 34. Rd1 Nf5 35. g4 Ng7 36. h4 Ne8 37. Qf4 Rc4 38. Qf3 Rbc8 39. Rd3 Qc5 40. h5 Rxc3 41. Rxc3 Qxc3 42. Qf4 Qe1+ 43. Kg2 Qe4+ 44. f3 Qxf4 45. Bxf4 gxh5 46. gxh5 a5 47. Kg3 b5 48. Kh4 a4 49. Kg5 a3 50. Kh6 a2 51. Bg5 a1Q 52. f4 f6 53. exf6 Nxf6 54. f5 Ng4# 0-1